| 000 | 00000nam##2200000za#4500 |
| 001 | 9.572685 |
| 003 | CaOODSP |
| 005 | 20220111083121 |
| 007 | cr ||||||||||| |
| 008 | 150406|2006||||xxc|||||o f|0| 0 eng|d |
| 022 | |a1928-6414 |
| 040 | |aCaOODSP|beng |
| 043 | |an-cn--- |
| 086 | 1 |aNE22-1/2006-5E-PDF |
| 110 | 1 |aCanada. |bNational Energy Board. |
| 245 | 10|aReasons for decision in the matter of TransCanada PipeLines Limited : |h[electronic resource]|bapplication for approval of short notice services and related tolls |
| 246 | 1 |iVariant title : |aTransCanada PipeLines Limited |
| 260 | |aCalgary - Alberta : |bNational Energy Board |cNovember 2006. |
| 300 | |a55p.|bfigs., glossary, maps, tables |
| 490 | 1 |aReasons for decision|x1928-6414|vRH-1-2006 |
| 500 | |aThe catalogue number (NE22-1/2006-5E) and ISBN (0-66244316-0) for the print edition have been incorrectly copied in this electronic publication. |
| 590 | |a12-10-Supp|b2012-03-23 |
| 775 | 08|tMotifs de décision relativement à TransCanada PipeLines Limited : |w(CaOODSP)9.603014 |
| 776 | 0#|tTransCanada PipeLines Limited - application for approval of short notice services and related tolls |w(CaOODSP)9.618019 |
| 830 | #0|aReasons for decision (Canada. National Energy Board)|x1928-6414|vRH-1-2006|w(CaOODSP)9.504480 |
| 856 | 40|ahttp://publications.gc.ca|qPDF|s953 KB|uhttps://publications.gc.ca/collections/collection_2011/one-neb/NE22-1-2006-5-eng.pdf|yRH-1-2006 |